| 000 | 00330nam a2200121Ia 4500 | ||
|---|---|---|---|
| 005 | 20251222144840.0 | ||
| 008 | 251222s9999||||xx |||||||||||||| ||spa|| | ||
| 082 | _a302.2/C572 | ||
| 100 | _aChoza Díaz, César Eduardo | ||
| 245 | 0 | _aSemiótica | |
| 264 | _bFondo Editorial Escuela de Periodismo Jaime Bausate y Meza | ||
| 942 | _cLIB | ||
| 999 |
_c21190 _d21190 |
||